000 00385nam a2200133Ia 4500
008 220217s9999||||xx |||||||||||||| ||und||
020 _a978-81-317-1490-4
082 _a005.12 ERL
100 _aErl, Thomas
_96694
245 0 _aService oriented architecture
260 _aPearson education of asia
_bNew Delhi
_c2005
300 _aXXVIII, 760p.
_b650
650 _aSOFTWARE DESIGN
999 _c179441
_d179441